Κατάλογος Βιβλιοθηκών Mediterranean College

Attachment Across the Lifecourse / A Brief Introduction (Record no. 2988)

MARC details
000 -LEADER
fixed length control field 01480cam a22002054a 4500
005 - ΗΜΕΡΟΜΗΝΙΑ ΚΑΙ ΩΡΑ ΤΕΛΕΥΤΑΙΑΣ ΕΝΗΜΕΡΩΣΗΣ
Πεδίο ελέγχου 20250605164100.0
008 - FIXED-LENGTH DATA ELEMENTS--GENERAL INFORMATION
Πεδίο ελέγχου σταθερού μήκους 250528s ||||||||||||||||||||||||d
035 ## - SYSTEM CONTROL NUMBER
System control number 17584
020 ## - ISBN
ISBN 9780230293595
040 ## - ΠΗΓΗ ΚΑΤΑΛΟΓΟΓΡΑΦΗΣΗΣ
Φορέας πρωτότυπης καταλογογράφησης MC Athens Campus Library
Γλώσσα καταλογογράφησης Ελληνικά, Μοντέρνα (1453-)
Modifying agency MC Athens Campus Library
Κανόνες περιγραφικής καταλογογράφησης AACR2
245 1# - ΤΙΤΛΟΣ ΚΑΙ ΔΗΛΩΣΗ ΥΠΕΥΘΥΝΟΤΗΤΑΣ
Τίτλος Attachment Across the Lifecourse / A Brief Introduction
250 ## - EDITION STATEMENT
Edition statement 1st
260 ## - PUBLICATION, DISTRIBUTION, ETC.
Name of publisher, distributor, etc. Palgrave Macmillan,
Date of publication, distribution, etc. 2011
300 ## - PHYSICAL DESCRIPTION
Extent 262
520 ## - SUMMARY, ETC.
Summary, etc. This book explains the key concepts in attachment theory and describes how the main attachment types play out both in childhood and later life. Preface, Acknowledgements, Attachment Theory and Models and Measures, Attachment Behavior, Emotions and Their Regulation, The Internal Working Model, Patterns of Attachment, Attachment in Adulthood, Attachment Patterns and Types and Styles, Secure Attachments in Childhood, Avoidant Attachments in Childhood, Avoidant and Dismissing Attachments in Childhood, Ambivalent Attachments in Childhood, Anxious and Preoccupied Attachments in Childhood, Disorganized and Controlling Attachments in Childhood, Fearful Avoidant Attachments and Unresolved States of Mind in Childhood, Issues and Debates, Temperament and Disability and Gender: The Interaction of Nature and Nurture, Attachment Across the Lifecourse: Continuity and Discontinuity and Stability and Change, Epilogue, Further Reading, Bibliography, Author and Subject Index.
700 1# - ΠΡΟΣΘΕΤΗ ΑΝΑΓΡΑΦΗ--ΦΥΣΙΚΟ ΠΡΟΣΩΠΟ
Personal name Howell David C
9 (RLIN) 3237
942 ## - ADDED ENTRY ELEMENTS (KOHA)
Koha item type Books
Holdings
Τύπος τεκμηρίου Βιβλιοθήκη Τρέχουσα τοποθεσία Barcode Αριθμός εισαγωγής Ημερομηνία απόκτησης Ταξιθετικό σύμβολο Αριθμός αντιτύπου Κατάσταση απόσυρσης Κατάσταση χαμένου Κατάσταση κατεστραμμένου Μη δανεισμός Σύνολο δανεισμών Ημερομηνία τελευταίας εμφάνισης Η τιμή ισχύει από
Books MC Athens Campus Library MC Athens Campus Library 9780000029874 5815 05/06/2025 155.92 HOW 1           05/06/2025 05/06/2025

MC Athens Campus Library
Πατησίων 94 & Κοδριγκτώνος 13, 104 34
Πελλήνης 8 & Πατησίων 107, 112 51
Τ: +30 210 8899600

MC Thessaloniki Campus Library
Ίωνος Δραγούμη 21, 54625 | Ίωνος Δραγούμη 15, 54625
Τ: +30 2310 287779 – Τ: +30 2314 440300